<?xml version="1.0" encoding="UTF-8"?>
<record
    xmlns:xsi="http://www.w3.org/2001/XMLSchema-instance"
    xsi:schemaLocation="http://www.loc.gov/MARC21/slim http://www.loc.gov/standards/marcxml/schema/MARC21slim.xsd"
    xmlns="http://www.loc.gov/MARC21/slim">

  <leader>01051nam a2200169 i 4500</leader>
  <controlfield tag="001">140653</controlfield>
  <controlfield tag="003">ES-MaACL</controlfield>
  <controlfield tag="005">20230906200125.0</controlfield>
  <controlfield tag="007">t|</controlfield>
  <controlfield tag="008">070214s19131916fr      r    ||||1| fre d</controlfield>
  <datafield tag="100" ind1="1" ind2=" ">
    <subfield code="a">S&#xE9;journ&#xE9;, Paul.</subfield>
    <subfield code="9">105279</subfield>
  </datafield>
  <datafield tag="245" ind1="1" ind2="0">
    <subfield code="a">Grandes vo&#xFB;tes / </subfield>
    <subfield code="c">par Paul S&#xE9;journ&#xE9;.</subfield>
  </datafield>
  <datafield tag="260" ind1=" " ind2=" ">
    <subfield code="a">Bourges : </subfield>
    <subfield code="b">[s. n.], </subfield>
    <subfield code="c">1913-16 (</subfield>
    <subfield code="f">Imp. Vve Tardy-Pigelet &amp; Fils)</subfield>
  </datafield>
  <datafield tag="300" ind1=" " ind2=" ">
    <subfield code="a">6 v. ; </subfield>
    <subfield code="c">33 x 25 cm.</subfield>
  </datafield>
  <datafield tag="505" ind1="8" ind2=" ">
    <subfield code="a">Contiene:  I. 1re. partie. Vo&#xFB;tes inarticule&#xE9;s Pleins cintres et ellipses.- 3 h., V, 259 p., 6 h. de l&#xE1;m. II. 1re. partie. Vo&#xFB;tes inarticul&#xE9;es. Ares peu surbaiss&#xE9;s.- 2 h., III, 220 p., 11 h. de l&#xE1;m. III. 1re. partie. Vo&#xFB;tes inarticul&#xE9;es Ares assez surbaiss&#xE9;s. Ares tr&#xE8;s sur baiss&#xE9;s.- 2 h., III, 42 p., 2 h. de l&#xE1;m. IV. 2me. partie. Vo&#xFB;tes articul&#xE9;es.- 2 h., III, 302 p., 1 h., 1 h. de l&#xE1;m. V. 3me. partie. Se que L'exp&#xE9;rience en seigne de commUn a toutes les vo&#xFB;tes.- 2 h., 234 p., 1 h. de l&#xE1;m. VI. Appendice. Pratique des vo&#xFB;tes Annexes.- 2 h., 283 p., 6 h. de l&#xE1;m.</subfield>
  </datafield>
  <datafield tag="852" ind1=" " ind2=" ">
    <subfield code="a">ES-MaACL</subfield>
    <subfield code="j">G-6349-54</subfield>
  </datafield>
  <datafield tag="999" ind1=" " ind2=" ">
    <subfield code="c">140653</subfield>
    <subfield code="d">140653</subfield>
  </datafield>
  <datafield tag="952" ind1=" " ind2=" ">
    <subfield code="0">0</subfield>
    <subfield code="1">0</subfield>
    <subfield code="4">0</subfield>
    <subfield code="7">0</subfield>
    <subfield code="a">ATENEOM</subfield>
    <subfield code="b">ATENEOM</subfield>
    <subfield code="c">DEPO2</subfield>
    <subfield code="d">2008-01-17</subfield>
    <subfield code="e">SC</subfield>
    <subfield code="l">0</subfield>
    <subfield code="o">G-6349-54</subfield>
    <subfield code="p">1146365</subfield>
    <subfield code="r">2023-02-23 00:00:00</subfield>
    <subfield code="w">2023-02-23</subfield>
    <subfield code="y">MONOGRAFIA</subfield>
  </datafield>
</record>
